000 00894nam a2200253Ia 4500
003 OSt
005 20220923215602.0
006 a|||||r|||| 00| 0
007 ta
008 220922b |||||||| |||| 00| 0 hin d
024 _a180,036
037 _cTextual
040 _aARTS
_cARTS
_bhin
041 _2hin
_ahin
082 _aO152,1J56:g, L8
100 _aचोपड़ा, सुदर्शन, संपा.
245 0 _aहिन्दी के लोकप्रिय संत कवि रहीम
246 _aHindī ke lokapriya santa kavi rahīma
260 _aदिल्ली
_b सरस्वती विहार
_c1978
300 _a96 पृ.
_ccm.
650 _aहिन्दी साहित्य
_9156264
942 _hO152,1J56:g, L8
_cTEXL
_2CC
999 _c333417
_d333417